LEADER 01538nam a2200289 i 4500 001 000000049748 003 CaOOAMICUS 005 20190812141332.0 008 121108s1764 xx u000 u lat u 013 $a20919 026 $ai-ta m,& P.S. (b(a (3) 1764 (A) 040 $aSeMil$bita 100 1 $aGerbert, Martin,$c.$0(OLS)http://semarc/name/12466 245 10$aApparatus ad eruditionem theologicam, institutioni tironum congregationis S. Blasii O.S.B. in Silva Nigra destinatus, ... ab auctore P. Martino Gerbert, ejusdem Congregationis monacho, .. 250 $aEditio secunda, revisa, & correcta. 264 1$a[Sank Blasius] :$bTypis princ. Monast. S. Blasii,$c1764. 300 $a[20], 211, [8] p. ;$c8°. 500 $aL'indicazione di ed. precede l'A. 500 $aSegn.: a8 b2 A-N8 O6 500 $aFregi xilogr. 650 4$aTeologia - Testi - Sec. 18.$0(OLS)http://semarc/subject/197 710 2 $aTipografia del Monastero di San Biagio$c.$0(OLS)http://semarc/name/12467 850 $aSeMil 852 $aSeMil$W1$xVenegono$y1$m2D II 27 FA$j15903$qLegato con 2D-II-28 e 29 FA$B15903$CSeMilBibl$Z2$F15903 $8I 996 $6245$aApparatus ad eruditionem theologicam, institutioni tironum congregationis S. Blasii O.S.B. in Silva Nigra destinatus, ... ab auctore P. Martino Gerbert, ejusdem Congregationis monacho, ..$9(OLS)http://semarc/title/75789 996 $6264$a[Sank Blasius] :$bTypis princ. Monast. S. Blasii$9(OLS)http://semarc/publisher/40971 LEADER 01652nam a2200325 i 4500 001 000000226697 003 CaOOAMICUS 005 20230120102819.0 008 140130s2013 fr u000 u fre u 020 $a978-2-204-10133-2 040 $aSeMil$bita 245 00$aPhilippiens 2,5-11 :$bla kénose du Christ /$couvrage publié sous la direction de Matthieu Arnold, Gilbert Dahan et Annie Noblesse-Rocher. 264 1$aParis :$bLes Éditions du Cerf,$c2013. 300 $a172 p. ;$c22 cm. 490 0 $aLectio divina ;$v263 490 0 $aÉtudes d'histoire de l'exégès ;$v6 650 4$aBibbia. Nuovo Testamento. Lettera ai Filippesi - Commentari, studi, critica, interpretazioni.$0(OLS)http://semarc/subject/6018 650 4$aBibbia - NT - Epistola ai Filippesi, 2,5-11.$0(OLS)http://semarc/subject/33630 700 1 $aArnold, Matthieu,$d<1965- >.$0(OLS)http://semarc/name/10972 700 1 $aNoblesse-Rocher, Annie,$d<1958- >.$0(OLS)http://semarc/name/10974 700 1 $aDahan, Gilbert,$d<1943- >.$0(OLS)http://semarc/name/10973 830 0$aLectio divina ;$v263.$0(OLS)http://semarc/title/8 830 0$aÉtudes d'histoire de l'exégès ;$v6.$0(OLS)http://semarc/title/33395 850 $aSeMil 852 $aSeMil$W1$xVenegono$y1$m2WA K 266$j177043$B177043$CSeMilBibl$Z2$F187956 $81 961 $aSottoscrizione: Cerf (Éditions) 996 $6020$a978-2-204-10133-2$9(OLS)http://semarc/number/228043 996 $6245$aPhilippiens 2,5-11 :$bla kénose du Christ$9(OLS)http://semarc/title/324565 996 $6264$aParis :$bLes Éditions du Cerf$9(OLS)http://semarc/publisher/29611